[Event "Belgrade Jezero op"]
[Site "Belgrade"]
[Date "2017.08.13"]
[Round "9"]
[White "Stankovic, Branislav D"]
[Black "Jakovljevic, Zivota"]
[Result "0-1"]
[WhiteElo "2209"]
[BlackElo "2101"]
[PlyCount "100"]
[EventDate "2017.08.05"]
[EventType "swiss"]
[EventRounds "9"]
[EventCountry "SRB"]
[SourceTitle "CBM 180 Extra"]
[Source "ChessBase"]
[SourceDate "2017.10.06"]
[SourceVersion "1"]
[SourceVersionDate "2017.10.06"]
[SourceQuality "1"]

1. d4 f5 2. g3 Nf6 3. Bg2 g6 4. Nf3 Bg7 5. 0-0 0-0 6. c4 c6 7. Nc3 d6 8. d5 c5 9. Qc2 Na6 10. a3 Nc7 11. Bd2 a6 12. a4 Rb8 13. a5 e5 14. dxe6 Bxe6 15. Ra4 Bd7 16. Ra3 Bc6 17. Rd1 Qe7 18. Bf4 Rbd8 19. Ne1 Bxg2 20. Nxg2 Ne6 21. Qd3 Nd4 22. Be3 Ng4 23. Nd5 Qf7 24. b3 Nxe3 25. Ndxe3 g5 26. f4 h6 27. Nc2 Nc6 28. Qd5 Qxd5 29. Rxd5 Ne7 30. Rd3 d5 31. Kf2 Kf7 32. Ra4 Ke6 33. Nge3 d4 34. Ng2 Nc8 35. b4 Nd6 36. Rb3 Ne4+ 37. Ke1 Rfe8 38. bxc5 Nxc5 39. Rb6+ Kf7 40. Ra2 d3 41. Nce3 d2+ 42. Kd1 Ne4 43. Rxb7+ Kf8 44. Nd5 Rxd5 45. cxd5 Nc3+ 46. Kxd2 Rxe2+ 47. Kd3 Rxa2 48. Ne3 Rxa5 49. Kc4 Ne4 50. Nxf5 Ra4+ 0-1

[Event "Belgrade-chT"]
[Site "Belgrade"]
[Date "2017.05.10"]
[Round "1.3"]
[White "Jakovljevic, Zivota"]
[Black "Bojanic, Denis"]
[Result "1/2-1/2"]
[WhiteElo "2093"]
[BlackElo "2028"]
[PlyCount "73"]
[EventDate "2017.05.10"]
[EventType "team-swiss"]
[EventRounds "5"]
[EventCountry "SRB"]
[SourceTitle "CBM 178 Extra"]
[Source "ChessBase"]
[SourceDate "2017.06.22"]
[SourceVersion "1"]
[SourceVersionDate "2017.06.22"]
[SourceQuality "1"]
[WhiteTeam "Belgrade Partizan"]
[BlackTeam "Vidikovac"]
[WhiteTeamCountry "SRB"]
[BlackTeamCountry "SRB"]

1. d4 d5 2. c4 e6 3. Nc3 Nf6 4. Nf3 c6 5. c5 b6 6. cxb6 axb6 7. Bg5 Be7 8. e3 Nbd7 9. Bd3 h6 10. Bh4 0-0 11. 0-0 Ba6 12. Bxa6 Rxa6 13. Qe2 Ra5 14. Bg3 Nh5 15. Be5 f6 16. Bg3 Nxg3 17. hxg3 f5 18. a3 c5 19. Rab1 c4 20. Ne1 b5 21. Nc2 Qb8 22. Na2 Qc7 23. Nc3 Rb8 24. Na2 Nf6 25. Rfc1 Ne4 26. Qe1 Ra7 27. Ncb4 Bd6 28. Nc3 Bxb4 29. axb4 Nxc3 30. bxc3 Rba8 31. Ra1 Ra2 32. Rxa2 Rxa2 33. Ra1 Qa7 34. Rxa2 Qxa2 35. Kh2 Qa3 36. f3 Kh8 37. Kh3 1/2-1/2

[Event "Belgrade-chT Quality"]
[Site "Belgrade"]
[Date "2015.10.17"]
[Round "5"]
[White "Jakovljevic, Zivota"]
[Black "Kosanovic, Dragan"]
[Result "0-1"]
[WhiteElo "2061"]
[BlackElo "2340"]
[PlyCount "61"]
[EventDate "2015.10.03"]
[EventType "team-tourn"]
[EventRounds "11"]
[EventCountry "SRB"]
[SourceTitle "EXT 2018"]
[Source "ChessBase"]
[SourceDate "2017.10.13"]
[SourceVersion "1"]
[SourceVersionDate "2017.10.13"]
[SourceQuality "1"]

1. d4 Nf6 2. c4 e6 3. Nc3 c5 4. dxc5 Bxc5 5. e3 0-0 6. Nf3 Nc6 7. Be2 d5 8. 0-0 a6 9. cxd5 exd5 10. a3 Ba7 11. Nd4 Qd6 12. Bf3 Ne5 13. b4 Bb8 14. g3 Nxf3+ 15. Qxf3 Bg4 16. Qg2 Qd7 17. Re1 Be5 18. f3 Bh3 19. Qf2 Rac8 20. Nce2 Rc4 21. Bd2 Rfc8 22. Rec1 h6 23. Qe1 Bf5 24. Bc3 Bd3 25. Qd2 Bxe2 26. Nxe2 Bxc3 27. Rxc3 Qa4 28. Rac1 b5 29. e4 Rxc3 30. Rxc3 Rxc3 31. Nxc3 0-1

[Event "Grocka op"]
[Site "Grocka"]
[Date "2015.07.27"]
[Round "5"]
[White "Kuzmanovic, Ratko"]
[Black "Jakovljevic, Zivota"]
[Result "0-1"]
[WhiteElo "1880"]
[BlackElo "2032"]
[PlyCount "56"]
[EventDate "2015.07.23"]
[EventType "swiss"]
[EventRounds "9"]
[EventCountry "SRB"]
[SourceTitle "EXT 2016"]
[Source "ChessBase"]
[SourceDate "2015.10.08"]
[SourceVersion "1"]
[SourceVersionDate "2015.10.08"]
[SourceQuality "1"]

1. e4 e6 2. d4 d5 3. e5 c5 4. c3 Nc6 5. Nf3 Bd7 6. Bd3 Qb6 7. Bc2 cxd4 8. cxd4 Nb4 9. 0-0 Nxc2 10. Qxc2 Ne7 11. Ng5 Qxd4 12. Re1 Nc6 13. Nc3 Nb4 14. Qb3 Qc4 15. Qd1 Qd3 16. Qb3 Qc2 17. Nxd5 exd5 18. e6 fxe6 19. Qf3 Qf5 20. Bd2 Qf6 21. Qb3 0-0-0 22. Bxb4 Bxb4 23. Rac1+ Kb8 24. Qxb4 Qxg5 25. Qd6+ Ka8 26. Rc7 Bc6 27. Qxe6 Rhe8 28. Qxe8 Bxe8 0-1

[Event "Grocka op"]
[Site "Grocka"]
[Date "2015.07.26"]
[Round "4"]
[White "Jakovljevic, Zivota"]
[Black "Vujacic, Borivoje"]
[Result "0-1"]
[WhiteElo "2032"]
[BlackElo "2262"]
[PlyCount "102"]
[EventDate "2015.07.23"]
[EventType "swiss"]
[EventRounds "9"]
[EventCountry "SRB"]
[SourceTitle "EXT 2016"]
[Source "ChessBase"]
[SourceDate "2015.10.08"]
[SourceVersion "1"]
[SourceVersionDate "2015.10.08"]
[SourceQuality "1"]

1. d4 Nf6 2. c4 g6 3. Nc3 d5 4. Nf3 Bg7 5. e3 0-0 6. Be2 c5 7. 0-0 cxd4 8. exd4 dxc4 9. Bxc4 Nc6 10. d5 Na5 11. Be2 Bg4 12. h3 Bxf3 13. Bxf3 Rc8 14. Qe2 Nc4 15. Rd1 a6 16. b3 Nd6 17. Bb2 b5 18. Ne4 Nfxe4 19. Bxg7 Kxg7 20. Bxe4 Qc7 21. Bf3 Rfe8 22. Bg4 f5 23. Bf3 Qc3 24. Kh2 Qf6 25. Re1 Rc7 26. Rad1 Rec8 27. Rd2 Kf8 28. Qe3 g5 29. Rde2 Kg7 30. Qb6 g4 31. hxg4 fxg4 32. Bxg4 Qf4+ 33. g3 Qxg4 34. Rxe7+ Rxe7 35. Rxe7+ Nf7 36. Qe6 Qh5+ 37. Kg2 Rc1 38. Rxf7+ Qxf7 39. Qg4+ Kf8 40. Qg5 Re1 41. Qh6+ Kg8 42. Qg5+ Qg6 43. Qd8+ Re8 44. Qd7 Qe4+ 45. f3 Qc2+ 46. Kf1 Qc8 47. Qd6 Qh3+ 48. Kf2 Qh2+ 49. Kf1 Qe2+ 50. Kg1 Qxf3 51. Kh2 Re2+ 0-1

[Event "Grocka op"]
[Site "Grocka"]
[Date "2015.07.25"]
[Round "3"]
[White "Vujosevic, Dimitrije"]
[Black "Jakovljevic, Zivota"]
[Result "0-1"]
[WhiteElo "1750"]
[BlackElo "2032"]
[PlyCount "52"]
[EventDate "2015.07.23"]
[EventType "swiss"]
[EventRounds "9"]
[EventCountry "SRB"]
[SourceTitle "EXT 2016"]
[Source "ChessBase"]
[SourceDate "2015.10.08"]
[SourceVersion "1"]
[SourceVersionDate "2015.10.08"]
[SourceQuality "1"]

1. e4 e6 2. d4 d5 3. Nd2 c5 4. exd5 Qxd5 5. dxc5 Bxc5 6. Ngf3 Nf6 7. Bd3 Nc6 8. 0-0 0-0 9. Nc4 b5 10. Ne3 Bxe3 11. Bxe3 Nb4 12. Qe2 Nxd3 13. Rfd1 Bb7 14. Rxd3 Qc4 15. b3 Qc7 16. Ne1 Nd5 17. Qd2 a5 18. Rc1 b4 19. Bd4 e5 20. Bb2 Rad8 21. Qg5 f6 22. Qg4 Nf4 23. Rxd8 Rxd8 24. Rd1 f5 25. Rxd8+ Qxd8 26. Qxf5 Qd1 0-1